000 00558nam a2200193Ia 4500
005 20250326142429.0
008 250326s9999 xx 000 0 und d
020 _a0 412 60560 0
037 _aTextbook
040 _aFMSL
_beng
_cFMSL
041 _aeng
_2eng
084 _aX:8 N5
_qFMSL
100 _aRolstadas A
_9745962
245 0 _aPerformance management : business process benchmarketing approach
_cRolstadas A
260 _aLondon
_bLondon, Chapman & Hall
_c1995
300 _a405p
942 _cTB
_hX:8 N5
999 _c1294987
_d1294987